Colours by Picture - Statistics

General Stats
  • This quiz has been taken 311 times
  • The average score is 11 of 12
Answer Stats
Picture Answer % Correct
Red
100%
Green
99%
Pink
98%
White
98%
Black
97%
Blue
97%
Purple
97%
Orange
96%
Yellow
96%
Grey
92%
Brown
87%
Gold
68%
No matching quizzes found
Score Distribution
Percent of People with Each Score
Percentile by Number Answered
Your Score History
You have not taken this quiz